000 00242nam a2200097Ia 4500
001 697916
005 20250826162041.0
008 250824s9999 xx 000 0 und d
245 0 _aYeni Dünya
_cSABAHATTİN ALİ
260 _bYAPI KREDİ YAYINLARI
999 _c697916
_d697916